000
00207 a2200097 4500
020
_a
1886749221
041
_a
eng
100
_a
Sheila sweeny
245
_a
Wacky basketball facts to bounce around
942
_c
BK
999
_c
30401
_d
30399